| 000 | 01347cas a2200385 a 4500 | ||
|---|---|---|---|
| 999 |
_c3160 _d3160 |
||
| 001 | 52609519 | ||
| 003 | OCoLC | ||
| 005 | 20181025192139.0 | ||
| 008 | 030715c20039999ii br p f0 0eng | ||
| 010 | _a2003311786 | ||
| 025 | _aI-D-E-2003-311786 | ||
| 035 | _a(OCoLC)52609519 | ||
| 037 | _bDurga Das Publications, 72, Todarmal Rd., New Delhi 110001, India | ||
| 040 |
_aDLC _beng _cDLC _dDLC _dOCLCQ _dOCLCA _dOCLCQ _dOCLCO _dOCLCA _dOCLCF |
||
| 042 | _apcc | ||
| 043 | _aa-ii--- | ||
| 050 | 0 | 0 |
_aDS406 _b.E96 |
| 082 | _aREF 294 | ||
| 245 | 0 | 0 |
_aIncredible India : _bpublication of the Department of Tourism, Government of India |
| 260 |
_aNew Delhi : _bDurga Das Publications, _c2003- |
||
| 300 |
_avolumes : _bcolor illustrations ; _c28 cm |
||
| 310 | _aBimonthly | ||
| 336 |
_atext _btxt _2rdacontent |
||
| 337 |
_aunmediated _bn _2rdamedia |
||
| 338 |
_avolume _bnc _2rdacarrier |
||
| 500 | _aTitle from cover | ||
| 550 | _aPublished by: Ministry of Tourism, Govt. of India and produced by: Mediascope Publicitas (India) Pvt. Ltd., June/July 2008- | ||
| 650 | _aHotel Guide | ||
| 651 | 0 |
_aIndia _vGuidebooks |
|
| 655 | 7 |
_aGuidebooks. _2fast _0(OCoLC)fst01423871 |
|
| 710 | 1 |
_aIndia. _bDepartment of Tourism |
|
| 710 | 1 |
_aIndia. _bMinistry of Tourism |
|
| 780 | 0 | 0 |
_tExplore India _w(DLC) 00403031 _w(OCoLC)48161106 |
| 942 |
_2ddc _cBK |
||